| 000 | 00701nam a2200205 i 4500 | ||
|---|---|---|---|
| 001 | 46215 | ||
| 003 | ES-MaACL | ||
| 005 | 20250930063051.0 | ||
| 007 | t| | ||
| 008 | 030328s1973 sp ||||1| spa d | ||
| 100 | 1 |
_aComas Solá, José, _d1868-1937 _939952 |
|
| 245 | 1 | 0 |
_aAstronomía / _cJosé Comas Sola ; nueva edición, revisada y puesta al día por Federico Armenter de Monasterio. |
| 260 |
_aBarcelona : _bRamón Sopena, _c[1973] |
||
| 300 |
_a800 p., 5 lám. : _bil. ; _c21 cm. |
||
| 490 | 1 | _aBiblioteca Hispania | |
| 700 | 1 |
_aArmenter de Monasterio, Federico. _922956 |
|
| 830 | 0 |
_aBiblioteca Hispania _9182087 |
|
| 852 |
_aES-MaACL _jC-54757 _bR.87509 |
||
| 999 |
_c46215 _d46215 |
||